000
00327nam a22001457a 4500
003
SGT
020
_a
9789352836109
082
_a
515.35
_b
RAI
100
_a
RAISINGHANIA MD
245
_a
ORDINARY AND PARTIAL DIFFERENTIAL EQUATIONS
250
_a
20
260
_a
DELHI
_b
S CHAND
_c
2022
300
_a
11.8
942
_2
ddc
_c
BK
_0
27
999
_c
25210
_d
25210